Learning Resource and Development

The logistics outsourcing handbook : (Record no. 28534)

MARC details
000 -LEADER
fixed length control field 03162cam a22003858i 4500
001 - CONTROL NUMBER
control field 21314052
003 - CONTROL NUMBER IDENTIFIER
control field CSPC
005 - DATE AND TIME OF LATEST TRANSACTION
control field 20241206122100.0
008 - FIXED-LENGTH DATA ELEMENTS--GENERAL INFORMATION
fixed length control field 191127s2020 enk b 001 0 eng
010 ## - LIBRARY OF CONGRESS CONTROL NUMBER
LC control number 2019044220
020 ## - INTERNATIONAL STANDARD BOOK NUMBER
International Standard Book Number 9780749484620
Qualifying information (paperback)
040 ## - CATALOGING SOURCE
Original cataloging agency DLC
Language of cataloging eng
Transcribing agency DLC
Description conventions rda
Modifying agency DLC
-- CSPC
042 ## - AUTHENTICATION CODE
Authentication code pcc
050 00 - LIBRARY OF CONGRESS CALL NUMBER
Classification number HD2365
Item number .G64 2020
082 00 - DEWEY DECIMAL CLASSIFICATION NUMBER
Classification number 658.5
Edition number 23
Item number G549l
100 1# - MAIN ENTRY--PERSONAL NAME
Personal name Godsmark, Jo,
Relator term author.
245 14 - TITLE STATEMENT
Title The logistics outsourcing handbook :
Remainder of title a step-by-step guide from strategy through to implementation /
Statement of responsibility, etc. Jo Godsmark and Gwynne Richards.
264 #1 - PRODUCTION, PUBLICATION, DISTRIBUTION, MANUFACTURE, AND COPYRIGHT NOTICE
Place of production, publication, distribution, manufacture London ;
-- New York, NY :
Name of producer, publisher, distributor, manufacturer Kogan Page,
Date of production, publication, distribution, manufacture, or copyright notice 2020.
300 ## - PHYSICAL DESCRIPTION
Extent ix, 374 pages :
Dimensions 24 cm.
Other physical details illustrations ;
336 ## - CONTENT TYPE
Content type term text
Content type code txt
Source rdacontent
337 ## - MEDIA TYPE
Media type term unmediated
Media type code n
Source rdamedia
338 ## - CARRIER TYPE
Carrier type term volume
Carrier type code nc
Source rdacarrier
504 ## - BIBLIOGRAPHY, ETC. NOTE
Bibliography, etc. note Includes bibliographical references (pages 356-366) and index.
505 0# - FORMATTED CONTENTS NOTE
Formatted contents note Logistics outsourcing -- To outsource or not to outsource? -- The logistics services marketplace -- Supplier or partner? -- The outsourcing lifecycle -- Third-party logistics contracts and pricing mechanisms -- Performance measurement and management -- The risks associated with outsourcing -- Managing relationships -- IT logistics outsourcing -- The future of logistics outsourcing.
520 ## - SUMMARY, ETC.
Summary, etc. "Logistics services are critical for any business involved in the transportation of goods from one point to another. 75% of companies now outsource warehousing and distribution functions of their businesses. Many companies outsource their logistics services, such as transportation, warehousing and delivery, to logistics service providers, reducing costs significantly. The Logistics and Outsourcing Handbook covers all outsourced services. It provides vital advice on how to shortlist companies, produce a request for a proposal, choose the optimum supplier, and implement and manage the contract. The Logistics and Outsourcing Handbook presents current statistics for logistics outsourcing, reasons for contracts being both awarded and terminated, and outlines how third-party logistics companies charge for their services. The authors look at the outsourcing processes in different countries and how to implement these into the overall strategy. Tools within the book include a checklist of essential data which needs to be collected, sample decision tables, draft contracts and sample implementation plans. The authors include case studies of outsourcing in companies such as Asda, KFC and BA"--
Assigning source Provided by publisher.
650 #0 - SUBJECT ADDED ENTRY--TOPICAL TERM
Topical term or geographic name entry element Contracting out.
650 #0 - SUBJECT ADDED ENTRY--TOPICAL TERM
Topical term or geographic name entry element Business logistics
General subdivision Contracting out.
650 #0 - SUBJECT ADDED ENTRY--TOPICAL TERM
Topical term or geographic name entry element Strategic planning.
700 1# - ADDED ENTRY--PERSONAL NAME
Personal name Richards, Gwynne,
Relator term author.
776 08 - ADDITIONAL PHYSICAL FORM ENTRY
Relationship information Online version:
Main entry heading Godsmark, Jo,
Title The logistics outsourcing handbook
Edition 1st.
Place, publisher, and date of publication New York : Kogan Page, 2019.
International Standard Book Number 9780749484637
Record control number (DLC) 2019044221
906 ## - LOCAL DATA ELEMENT F, LDF (RLIN)
a 7
b cbc
c orignew
d 1
e ecip
f 20
g y-gencatlg
942 ## - ADDED ENTRY ELEMENTS (KOHA)
Source of classification or shelving scheme Dewey Decimal Classification
Suppress in OPAC No
Koha item type Books
Edition 23
Classification part 658.5
Item part G549l
Call number prefix CIR
Call number suffix 2020
Holdings
Withdrawn status Lost status Source of classification or shelving scheme Damaged status Not for loan Home library Current library Shelving location Date acquired Total Checkouts Full call number Barcode Date last seen Copy number Price effective from Koha item type
    Dewey Decimal Classification     Main Library Main Library Circulation Section 12/05/2024   CIR 658.5 G549l 2020 028659 12/05/2024 1-1 12/05/2024 Books